000 00862nam a22002657a 4500
001 BR8301563
003 BR-BrBNA
005 20230928091629.0
007 ta
008 230509b bl.||||| |||| 00| 0 por d
040 _aBR-BrBNA
_bpor
_cBiblioteca Nacional de Agricultura
041 _a(Por)
072 _aF00; F10
_b/G514
090 _ F00 BR8301563
110 1 _aSecretaria de Estado da Agricultura, Curitiba, PR (Brasil)
_98811
245 1 _aRelatorio de perdas na agricultura paranaense, decorrentes das chuvas de novembro 82 a junho 83 [Brasil]
260 3 _aCuritiba, PR (Brasil):
_c1983.
300 _a6 p.
500 _a(*) Documento disponível no(a) Secretaria de Estado da Agricultura, Curitiba, PR (Brazil)
650 _aPERDA DA PRODUCAO
650 _aCHUVA
650 _aPARANA
909 _a202309
_bLucia
_c55
_dLucia Elande
942 _cBK
999 _c34746
_d34746